[Event "Wch Seniors"]
[Site "Biel"]
[Date "1994.??.??"]
[Round "9"]
[White "Pantaleev, Dimitar"]
[Black "Golyak, Isay G"]
[Result "1/2-1/2"]
[WhiteElo "2260"]
[BlackElo "2345"]

1.d4 Nf6 2.Bg5 g6 3.Nc3 d6 4.e4 c6 5.Be2 Bg7 6.h3 Nbd7 7.Qd2 b5 8.a3 a5 9.Nf3 Bb7
10.Bd3 O-O 11.O-O b4 12.Na4 c5 13.dxc5 dxc5 14.Rad1 Bc6 15.b3 Qc7 16.axb4 axb4
17.Nb2 Bxe4 18.Bxe4 Nxe4 19.Qxd7 Qxd7 20.Rxd7 Nxg5 21.Nxg5 Bxb2 22.Ne4 Bd4
23.Rc7 e5 24.Nxc5 Rfc8 25.Rxc8+ Rxc8 26.Nd3 Rxc2 27.Nxb4 Rb2 28.Nc6 Rxb3
29.Rd1 Rb6 30.Nxd4 Rd6 31.Kf1 exd4 32.Ke2 Kg7 33.Kd3 Kf6 34.Re1  1/2-1/2

[Event "Bled op"]
[Site "Bled"]
[Date "1994.??.??"]
[Round "?"]
[White "Turian, Hans"]
[Black "Kummer, Helmut"]
[Result "0-1"]
[WhiteElo "2255"]
[BlackElo "2295"]

1.d4 d5 2.Bg5 Nf6 3.Bxf6 gxf6 4.c4 dxc4 5.e3 Be6 6.Nc3 c6 7.a4 f5 8.Nh3 Bg7
9.Nf4 Bd5 10.Nh5 Bh6 11.Ng3 e6 12.e4 fxe4 13.Ngxe4 Bg7 14.Be2 O-O 15.Ng3 Qh4
16.Qd2 Qxd4  0-1

[Event "Bled op"]
[Site "Bled"]
[Date "1994.??.??"]
[Round "?"]
[White "Senoner, Erich2"]
[Black "Lazarev, Vladimir"]
[Result "0-1"]
[WhiteElo "2105"]
[BlackElo "2445"]

1.d4 Nf6 2.Bg5 d5 3.Bxf6 exf6 4.c4 dxc4 5.e3 Be6 6.Nc3 c6 7.a4 Bb4 8.Nf3 b5
9.axb5 cxb5 10.Nd2 Bxc3 11.bxc3 f5 12.Qf3 Qd5 13.Qg3 O-O 14.Be2 Qc6 15.Bf3 Bd5
16.Qe5 Bxf3 17.gxf3 Qd7 18.Rg1 f6 19.Qf4 Nc6 20.Nf1 Kh8 21.Ng3 Ne7 22.Nh5 Nd5
23.Qg3 Rf7 24.Kd2 b4 25.cxb4 c3+ 26.Kc1 Nxb4 27.Rd1 Qd5 28.Qh3 Qb3  0-1

[Event "Bled op"]
[Site "Bled"]
[Date "1994.??.??"]
[Round "?"]
[White "Turian, Hans"]
[Black "Rusjan, Miran"]
[Result "0-1"]
[WhiteElo "2255"]
[BlackElo "2040"]

1.d4 Nf6 2.Bg5 g6 3.Bxf6 exf6 4.h4 h5 5.Nc3 f5 6.e3 d5 7.Qf3 c6 8.Nge2 Nd7
9.Nf4 Nf6 10.Bd3 Bb4 11.O-O Ne4 12.Qh3 Nxc3 13.bxc3 Bxc3 14.Rab1 b5 15.Qg3 Ba5
16.Nxg6 Rg8 17.Qe5+ Be6 18.Nf4 Qe7 19.Nxh5 O-O-O 20.Bxb5 cxb5 21.Rxb5 Bc7
22.Rfb1 Bxe5 23.dxe5 Qc7  0-1

[Event "Bojnice"]
[Site "Bojnice"]
[Date "1994.??.??"]
[Round "8"]
[White "Hladik, Lumir"]
[Black "Pinski, Jan"]
[Result "0-1"]
[WhiteElo "2200"]
[BlackElo "2150"]

1.d4 Nf6 2.Bg5 c5 3.Bxf6 gxf6 4.d5 Qb6 5.Qc1 f5 6.Nc3 d6 7.e3 Bg7 8.Nf3 Qb4
9.Nd2 Bxc3 10.bxc3 Qxc3 11.Rb1 O-O 12.Bc4 Nd7 13.Rb3 Qf6 14.f4 Nb6 15.O-O Bd7
16.Rf3 Kh8 17.Kh1 Rg8 18.Qf1 Ba4 19.e4 Nxc4 20.Nxc4 Bxb3 21.Rxb3 fxe4 22.Rxb7 Rab8
23.Rb3 Rxb3 24.axb3 Qd4 25.f5 Qxd5 26.f6 e6 27.h3 Rg5 28.Ne3 Qd4 29.Ng4 Rxg4
30.hxg4 e3 31.Qf3 d5 32.c4 Qa1+ 33.Kh2 Qe5+ 34.g3 e2 35.cxd5 e1=Q  0-1

[Event "Brno-C"]
[Site "Brno"]
[Date "1994.??.??"]
[Round "2"]
[White "Pisk, Petr"]
[Black "Berezjuk, Sergej"]
[Result "1/2-1/2"]
[WhiteElo "2250"]
[BlackElo "2375"]

1.d4 Nf6 2.Bg5 d5 3.Nf3 c6 4.Bxf6 exf6 5.e3 Bd6 6.Bd3 O-O 7.O-O f5 8.c4 dxc4
9.Bxc4 Nd7 10.Nc3 Nf6 11.Qc2 Qe7 12.Rfe1 Ne4 13.Bd3 Re8 14.Rad1 Bd7 15.Re2 g6
16.Nd2 Nxd2 17.Qxd2 Bc7 18.Bc4 Rad8 19.Ree1 Be6 20.Bxe6 Qxe6 21.g3 Ba5 22.Qc2 f4
23.gxf4 Qg4+ 24.Kh1 Qf3+ 25.Kg1 Qg4+ 26.Kh1 Qf3+ 27.Kg1 Qg4+ 28.Kh1  1/2-1/2

[Event "Budapest Honved"]
[Site "Budapest"]
[Date "1994.??.??"]
[Round "1"]
[White "Bezold, Michael"]
[Black "Ruck, Robert"]
[Result "1/2-1/2"]
[WhiteElo "2475"]
[BlackElo "2435"]

1.d4 Nf6 2.Bg5 d5 3.Bxf6 gxf6 4.e3 c5 5.c3 Qb6 6.Qb3 Nc6 7.Nd2 e5 8.e4 Qxb3
9.axb3 dxe4 10.d5 Ne7 11.d6 Nf5 12.Nxe4 Nxd6 13.Nxf6+ Kd8 14.Bc4 Be7 15.Nd5 Be6
16.Nb6 Rb8 17.Rxa7 Kc7 18.Nd5+ Bxd5 19.Bxd5 Ra8 20.Ra4 Rxa4 21.bxa4 c4 22.Nf3 Ra8
23.Ke2 e4 24.Nd2 Rxa4 25.Nxe4 Ra2 26.Rb1 Nxe4 27.Bxe4 h6 28.Kd2 b5 29.Kc2 Bc5
30.f4 Bd6 31.g3 Bc5 32.h4 Bd6 33.h5 f6 34.Bf3 Kb6 35.Re1 Ba3 36.Rb1 Bd6 37.Be4 Kc7
38.Bf5 Kb6 39.Re1 Ba3 40.Re6+ Kc5 41.Rxf6 Rxb2+ 42.Kd1 Rg2 43.Be4 Rg1+ 44.Ke2 b4
45.Kf2 Ra1 46.cxb4+ Kd4 47.Bf5 Bxb4 48.Rxh6 Ra2+ 49.Kf3 c3 50.Rh8 c2 51.Bxc2 Rxc2
52.h6 Rh2 53.h7 Be7 54.g4 Kd5 55.g5 Ke6 56.g6 Bf6 57.Rf8 Rh1 58.Ke3 Re1+
59.Kf2 Rh1 60.Kf3 Rh2 61.Ke4 Re2+ 62.Kd3 Rh2 63.Rf7 Rh1 64.Kc4 Rc1+ 65.Kd3 Rh1
66.Ke3 Rh2 67.Kf3 Rh1 68.Ke3 Rh2 69.Ke4 Re2+ 70.Kf3 Rh2 71.g7 Bxg7 72.Rxg7 Kf6
73.Ra7 Kf5 74.Ra5+ Kg6 75.Kg4 Kg7 76.Rg5+ Kh8 77.Kf5 Kxh7 78.Kf6 Ra2 79.Rg7+ Kh8
80.Re7 Kg8 81.Re8+ Kh7 82.f5 Rf2 83.Re7+ Kg8 84.Rb7 Rf1 85.Rb8+ Kh7 86.Ke6 Kg7
87.Rb7+ Kg8 88.Kf6 Rf2 89.Rg7+ Kf8 90.Rg1 Ra2 91.Re1 Ra6+ 92.Re6 Ra7 93.Rc6 Rf7+
94.Ke5 Re7+ 95.Kf4 Ra7 96.Rb6 Rc7 97.Kg5 Rg7+ 98.Rg6 Ra7  1/2-1/2

[Event "Budapest FS10 IM-B"]
[Site "Budapest"]
[Date "1994.??.??"]
[Round "1"]
[White "Backelin, Rikard"]
[Black "Farago, Sandor"]
[Result "0-1"]
[WhiteElo "2290"]
[BlackElo "2360"]

1.d4 Nf6 2.Bg5 g6 3.Bxf6 exf6 4.e3 Bg7 5.Bd3 f5 6.Qf3 O-O 7.h3 c5 8.c3 Qb6
9.b3 cxd4 10.exd4 Bxd4 11.Bxf5 Bg7 12.Be4 Nc6 13.Ne2 Ne5 14.Qg3 Qa6 15.f4 d5
16.Bc2 Nc6 17.Bd3 Qb6 18.Qf2 Nb4 19.Qxb6 Nxd3+ 20.Kd2 axb6 21.Kxd3 Bf5+ 22.Kd2 Be4
23.Rg1 b5 24.g4 b4 25.a4 Rfc8 26.Rc1 Rc7 27.a5 Rac8 28.a6 bxa6 29.Rxa6 Bxb1
30.Rxb1 bxc3+ 31.Kc2 Re7 32.Nc1 d4 33.Rd6 Re3 34.b4 Rxh3 35.b5 Rh2+ 36.Kd3 Rb2
37.Rc6 Rb8  0-1

[Event "Budapest FS08 GM"]
[Site "Budapest"]
[Date "1994.??.??"]
[Round "2"]
[White "Stanojevic, Branko"]
[Black "Lukacs, Peter"]
[Result "0-1"]
[WhiteElo "2340"]
[BlackElo "2490"]

1.d4 Nf6 2.Bg5 d5 3.Bxf6 exf6 4.c4 dxc4 5.e3 Be6 6.Ne2 Bd6 7.Nbc3 c6 8.g3 O-O
9.Nf4 Bxf4 10.gxf4 f5 11.h4 Nd7 12.h5 Nf6 13.Bh3 Qa5 14.Qc2 b5 15.Bg2 Rac8
16.Kf1 g6 17.h6 Rfd8 18.Rd1 b4 19.Qa4 Qb6 20.Ne2 Bd5 21.Ng3 Bxg2+ 22.Kxg2 Qb7
23.f3 Nd5 24.Rhe1 Re8 25.Kf2 Re6 26.Qc2 Qe7 27.e4 Nxf4 28.Qxc4 Qg5 29.exf5 gxf5
30.Rxe6 fxe6 31.Rg1 Kh8 32.d5 Nh3+ 33.Kf1 Qd2 34.Ne2 Qd1+ 35.Kg2 Nxg1  0-1

[Event "Budapest Spring op"]
[Site "Budapest"]
[Date "1994.??.??"]
[Round "2"]
[White "Walter, Karel"]
[Black "Rovid, Kalman"]
[Result "0-1"]
[WhiteElo "2105"]
[BlackElo "2350"]

1.d4 Nf6 2.Bg5 c5 3.Bxf6 gxf6 4.d5 f5 5.c4 Bg7 6.Qd2 d6 7.e3 O-O 8.Ne2 e5
9.dxe6 fxe6 10.Nbc3 Qe7 11.g3 Nc6 12.Bg2 Ne5 13.b3 a6 14.Rd1 Nf7 15.O-O Rb8
16.e4 fxe4 17.Bxe4 b5 18.Qd3 b4 19.Bxh7+ Kh8 20.Ne4 d5 21.Nd2 Ne5 22.Qc2 Bh6
23.f4 Ng4 24.Bg6 Ne3 25.Qd3 Nxd1 26.Rxd1 Bb7 27.Qf3 Qg7 28.Qh5 Kg8 29.Nf3 Rf6
30.Ne5 d4 31.Nc1 Bxf4 32.gxf4 Rxf4 33.Ng4 Bf3 34.Nh6+ Kf8 35.Qxc5+ Qe7 36.Qe5 Qf6
37.Qxb8+ Kg7 38.Qg8+ Kxh6 39.Qh7+ Kg5  0-1

[Event "Budapest FS04 IM-B"]
[Site "Budapest"]
[Date "1994.??.??"]
[Round "2"]
[White "Knezevic, Bojan"]
[Black "Pavasovic, Dusko"]
[Result "0-1"]
[WhiteElo "2385"]
[BlackElo "2320"]

1.d4 Nf6 2.Bg5 g6 3.Bxf6 exf6 4.e3 Bg7 5.c4 d6 6.Nc3 O-O 7.g3 c5 8.dxc5 dxc5
9.Qxd8 Rxd8 10.Bg2 Nc6 11.Bxc6 bxc6 12.Rd1 Bg4 13.Rxd8+ Rxd8 14.h3 Bf5 15.Nge2 Bc2
16.f4 f5 17.Rh2 Rd3 18.Rf2 a5 19.Kf1 Rxe3 20.Nc1 Be4 21.Nxe4 fxe4 22.Nb3 Rxg3
23.Nxa5 Bd4 24.Rg2 Rxh3 25.Nxc6 Rh1+ 26.Ke2 Bxb2 27.Ke3 Re1+ 28.Kd2 Rf1 29.Ke3 Bc1+
30.Kxe4 Bxf4 31.Kd3 h5 32.a4 h4 33.Ne7+ Kf8  0-1

[Event "Budapest FS10 IM-B"]
[Site "Budapest"]
[Date "1994.??.??"]
[Round "4"]
[White "Mihok, Laszlo"]
[Black "Stocek, Jiri"]
[Result "0-1"]
[WhiteElo "2270"]
[BlackElo "2350"]

1.d4 Nf6 2.Bg5 c5 3.d5 Ne4 4.Bc1 Qa5+ 5.c3 e6 6.f3 Nf6 7.e4 d6 8.Bg5 Be7
9.Bxf6 Bxf6 10.dxe6 Bxe6 11.Ne2 O-O 12.Nf4 Nc6 13.Nxe6 fxe6 14.Bc4 d5 15.exd5 Ne5
16.Qe2 b5 17.Bxb5 exd5 18.O-O c4 19.f4 Nd3 20.Bd7 Rab8 21.b4 Nxb4 22.a4 Nd3
23.Ra2 Qb6+ 24.Kh1 Qxb1  0-1

[Event "Budapest FS03 IM-A"]
[Site "Budapest"]
[Date "1994.??.??"]
[Round "11"]
[White "Varga, Peter"]
[Black "Sapi, Laszlo"]
[Result "1-0"]
[WhiteElo "2330"]
[BlackElo "2285"]

1.d4 d5 2.Bg5 Nf6 3.c4 c6 4.e3 Ne4 5.Bh4 Qa5+ 6.Nd2 e5 7.a3 exd4 8.b4 dxe3
9.Nxe4 Bxb4+ 10.axb4 Qxb4+ 11.Nd2 exd2+ 12.Qxd2 Qxd2+ 13.Kxd2 f6 14.cxd5 cxd5
15.Bg3 Nc6 16.Bb5 Bd7 17.Nf3 Kf7 18.Rhe1 a6 19.Bxc6 Bxc6 20.Nd4 Bd7 21.Rac1 Rac8
22.Bd6 Rhe8 23.Rxe8 Kxe8 24.Re1+ Kd8 25.Re7 Rc4 26.Kd3 b5 27.Rxg7 b4 28.Rg8+ Be8
29.Bxb4 Kd7 30.Rg7+ Kc8 31.Bc3 Bg6+ 32.Kd2 a5 33.Nb5 Ra4 34.Na7+ Kb8 35.Nc6+ Kc8
36.Bxa5  1-0

[Event "Buenos Aires PRENAJ"]
[Site "Buenos Aires"]
[Date "1994.??.??"]
[Round "2"]
[White "Del Rey, Diego"]
[Black "Amura, Claudia Noemi"]
[Result "0-1"]
[WhiteElo "2400"]
[BlackElo "2320"]

1.d4 Nf6 2.Bg5 g6 3.Bxf6 exf6 4.h4 h5 5.e3 d6 6.Bc4 Bg7 7.Nc3 f5 8.Nge2 c6
9.Nf4 Nd7 10.Qd2 Nf6 11.f3 b5 12.Bd3 O-O 13.O-O a6 14.a4 Bb7 15.Qf2 Re8 16.Rfe1 Re7
17.Nce2 Qd7 18.Ng3 c5 19.dxc5 dxc5 20.axb5 axb5 21.Rad1 Qc6 22.Bxf5 gxf5
23.Nxf5 Re5 24.e4 Bf8 25.Qg3+ Kh7 26.Rd6 Qxd6 27.Nxd6 Bxd6 28.Nd3 Re6 29.e5 c4
30.exd6 cxd3 31.Rxe6 fxe6 32.cxd3 Rf8 33.Qg5 Bc6 34.Kh2 Rf7 35.Qe5 Bd5 36.Kh3 Kg8
37.Qg5+ Kf8 38.Qe3 Rg7 39.Qc5 Kf7 40.Qe3 b4 41.Qd4  0-1

[Event "ARG-World"]
[Site "Buenos Aires"]
[Date "1994.??.??"]
[Round "9"]
[White "Conquest, Stuart"]
[Black "Panno, Oscar"]
[Result "1-0"]
[WhiteElo "2495"]
[BlackElo "2520"]

1.d4 Nf6 2.Bg5 c5 3.Bxf6 gxf6 4.d5 Qb6 5.Qc1 f5 6.g3 Bg7 7.c3 d6 8.Nd2 O-O
9.Nh3 Nd7 10.Nc4 Qa6 11.Qf4 Nf6 12.Bg2 Ne4 13.Ne3 e6 14.Rd1 Qxa2 15.Bxe4 fxe4
16.Ng5 Qxb2 17.O-O Qxe2 18.Qh4 h6 19.Nxe4 f5 20.Nxd6 f4 21.Ng4 Kh7 22.Rfe1 Qf3
23.Nxc8 Raxc8 24.dxe6 Rce8 25.Rd7 Qxc3 26.Kg2 fxg3 27.hxg3 Kg8 28.Re3 Qc2
29.Red3 Rxe6 30.Qh5 Qc4 31.Kh2 b5 32.f4 Qc1 33.Rxg7+ Kxg7 34.Rd7+ Kh8 35.Nxh6 Re2+
36.Qxe2  1-0

[Event "BUL-ch"]
[Site "BUL"]
[Date "1994.??.??"]
[Round "2"]
[White "Kolev, Atanas"]
[Black "Dochev, Dimitar"]
[Result "1-0"]
[WhiteElo "2490"]
[BlackElo "2395"]

1.d4 Nf6 2.Bg5 c5 3.d5 Qb6 4.Nc3 Qxb2 5.Bd2 Qb6 6.e4 d6 7.f4 e6 8.Rb1 Qd8
9.Bb5+ Bd7 10.dxe6 fxe6 11.e5 dxe5 12.fxe5 Nd5 13.Qg4 Nxc3 14.Qxe6+ Qe7 15.Bxd7+ Nxd7
16.Qxe7+ Bxe7 17.Bxc3 Nb6 18.Nf3 Nd5 19.Bd2 O-O-O 20.c4 Nc7 21.Ke2 Ne6 22.Be3 Rhf8
23.Rhd1 g5 24.h3 h5 25.g3 Rh8 26.Rxd8+ Bxd8 27.Rh1 Rf8 28.h4 g4 29.Ng5 Bxg5
30.hxg5 Rf5 31.Rxh5 Rxe5 32.Rh8+ Kd7 33.Rh7+ Ke8 34.Rxb7 Nxg5 35.Rxa7 Ne4
36.Bf4 Re6 37.Kd3 Nf2+ 38.Kd2 Re4 39.Kc3 Rd4 40.Kb3 Ne4 41.Be5 Rd3+ 42.Ka4 Nxg3
43.Rg7 Nf5 44.Rxg4 Nd4 45.Bxd4 cxd4 46.Kb5 Kd7 47.Kc5 Ra3 48.Rxd4+ Kc7 49.Rd2 Ra5+
50.Kb4 Rh5 51.Rg2 Rh1 52.Kb5 Rb1+ 53.Kc5 Kb7 54.Rg3 Rc1 55.Rb3+ Kc7 56.Ra3 Kb7
57.Ra4 Rd1 58.Rb4+ Kc7 59.Rb2 Rh1 60.a4 Rh5+ 61.Kb4 Kb6 62.Rg2 Rh1 63.a5+ Ka6
64.Rg6+ Kb7 65.Kb5 Rb1+ 66.Kc5 Rc1 67.Rb6+ Kc7 68.Rb3 Rh1 69.Kb5 Kb7 70.Rg3 Rb1+
71.Kc5 Rh1 72.Rg6 Rh5+ 73.Kb4 Rh1 74.Kb5 Rb1+ 75.Kc5 Rh1 76.Rd6 Rh5+ 77.Rd5 Rh1
78.Rd6 Rh5+ 79.Kb4 Rh1 80.a6+ Ka7 81.c5 Rb1+ 82.Kc4 Rc1+ 83.Kb5 Rb1+ 84.Kc6 Rc1
85.Rd2 Rh1 86.Rd8 Rc1 87.Kd6 Rh1 88.c6 Rd1+ 89.Ke7 Re1+ 90.Kd7 Rd1+ 91.Kc8 Rh1
92.c7 Rh7 93.Rg8 Kb6 94.Kb8  1-0

[Event "ESP-chT"]
[Site "Cala Galdana"]
[Date "1994.??.??"]
[Round "?"]
[White "Romero Holmes, Alfonso"]
[Black "Palacios Perez, Manuel"]
[Result "1-0"]
[WhiteElo "2455"]
[BlackElo "2185"]

1.d4 Nf6 2.Bg5 d5 3.Bxf6 gxf6 4.c4 c6 5.e3 Bf5 6.Nc3 e6 7.Bd3 Bxd3 8.Qxd3 Nd7
9.Nf3 Nb6 10.c5 Nd7 11.O-O Bh6 12.b4 a6 13.a4 O-O 14.b5 axb5 15.axb5 Ra5
16.Nd2 Qa8 17.Nb3 Ra3 18.Qc2 Rxa1 19.Rxa1 Qc8 20.b6 Re8 21.Ra7 Nf8 22.Na5 Re7
23.Qa4 e5 24.Nxc6 Re6 25.Ra8 Qxc6 26.Qxc6 Rxc6 27.Nxd5 Kg7 28.Ne7 Re6 29.Nf5+ Kg6
30.Nxh6 exd4 31.Rxf8 dxe3 32.fxe3 Kxh6 33.Rxf7 Re5 34.Rxf6+  1-0

[Event "Cap d'Agde op"]
[Site "Cap d'Agde"]
[Date "1994.??.??"]
[Round "?"]
[White "Sharif, Mershad"]
[Black "Lobron, Eric"]
[Result "1/2-1/2"]
[WhiteElo "2455"]
[BlackElo "2580"]

1.d4 Nf6 2.Bg5 d5 3.e3 c6 4.Bxf6 exf6 5.c4 dxc4 6.Bxc4 Bd6 7.Nc3 O-O 8.Nf3 Nd7
9.O-O Nb6 10.Bb3 Bg4 11.h3 Bh5 12.g4 Bg6 13.Nh4 Re8 14.Nxg6 hxg6 15.Qf3 Qe7
16.Rac1 Rad8 17.Kg2 f5 18.gxf5 Qg5+ 19.Qg4 Qxf5 20.Rfd1 a6 21.Bc2 Qf6 22.Ne4 Qe6
23.Nxd6 Qxd6 24.Bb3 Nd5 25.Qg3 Qd7 26.Rc5 b6 27.Rc2 Re6 28.Rdc1 Qe8 29.Qg5 f6
30.Qg3 g5 31.Qf3 Kh7 32.a3 g6 33.Kg1 f5 34.Ba4 b5 35.Bb3 Nxe3 36.Rxc6 Nc4
37.Rc7+ Rd7 38.Rxd7+ Qxd7 39.Bxc4 bxc4 40.Rxc4 Re1+ 41.Kg2 Re4 42.Qg3 Kh6
43.Qc7 Qd5 44.Qc6 Rxd4+ 45.Qxd5 Rxd5 46.Rc6 a5 47.b4  1/2-1/2

[Event "Cappelle op"]
[Site "Cappelle la Grande"]
[Date "1994.??.??"]
[Round "2"]
[White "Nei, Iivo"]
[Black "Ippolito, Manuel"]
[Result "1-0"]
[WhiteElo "2405"]
[BlackElo "2200"]

1.d4 Nf6 2.Bg5 g6 3.Nd2 Bg7 4.e3 d6 5.Bd3 c5 6.c3 O-O 7.h3 Nc6 8.Ne2 e5 9.dxc5 dxc5
10.Ne4 Qe7 11.N2g3 b6 12.Qf3  1-0

[Event "Cappelle op"]
[Site "Cappelle la Grande"]
[Date "1994.??.??"]
[Round "7"]
[White "Rausis, Igors"]
[Black "Dobrowolski, Piotr"]
[Result "0-1"]
[WhiteElo "2495"]
[BlackElo "2320"]

1.d4 Nf6 2.Bg5 g6 3.Nd2 Bg7 4.e4 O-O 5.Bd3 d6 6.Ngf3 h6 7.Bh4 Nh5 8.Bg3 Nc6
9.c3 e5 10.dxe5 dxe5 11.Qc2 Qe7 12.O-O Nf4 13.Bb5 Bd7 14.a4 Rad8 15.Rfe1 h5
16.Bf1 g5 17.h3 g4 18.hxg4 hxg4 19.Nh4 Qg5 20.Nc4 Bf6 21.Ne3 Ne7 22.Rad1 Qh5
23.Be2 Bxh4 24.Bxh4 Qxh4 25.g3 Nh3+ 26.Kg2 Qg5 27.Rxd7 Rxd7 28.Bxg4 Nf4+
29.Kf3 Rd6 30.Nc4 Nfg6 31.Rg1 Rc6 32.b3 Nh4+ 33.Ke2 Rg6 34.f3 Rd8 35.Nxe5 Nhf5
36.Rd1 Nxg3+ 37.Kf2 Rxd1 38.Qxd1 Qh4 39.Kg2 Rh6 40.Qg1 Ne2 41.Qxa7 Qh1+  0-1

[Event "Cappelle op"]
[Site "Cappelle la Grande"]
[Date "1994.??.??"]
[Round "9"]
[White "Tondivar, Babak"]
[Black "Nicoara Etchegaray, Malina"]
[Result "1-0"]
[WhiteElo "2345"]
[BlackElo "2160"]

1.d4 Nf6 2.Bg5 c5 3.Nc3 cxd4 4.Qxd4 Nc6 5.Qh4 e6 6.e4 Be7 7.O-O-O a6 8.f4 Qb6
9.e5 Qe3+ 10.Kb1 Ne4 11.Nxe4 Qxe4 12.Nf3 Bc5 13.Bd3 Qb4 14.c3 Qb6 15.f5 Qc7
16.Rhe1 b5 17.Bf4 Bb7 18.Ng5 Qd8 19.fxe6  1-0

[Event "FRA-ch (Women)"]
[Site "Chambery"]
[Date "1994.??.??"]
[Round "?"]
[White "Lebel Arias, Julia"]
[Black "Gatine, Aurelia"]
[Result "0-1"]
[WhiteElo "2080"]
[BlackElo "2060"]

1.d4 Nf6 2.Bg5 d5 3.Bxf6 gxf6 4.e3 Bg7 5.Nd2 Bf5 6.c4 c6 7.Qb3 Qd7 8.Rc1 O-O
9.Ne2 e6 10.Ng3 Bg6 11.Bd3 Qe7 12.O-O a5 13.cxd5 cxd5 14.Rc5 Bxd3 15.Qxd3 Nc6
16.Rfc1 f5 17.f4 f6 18.Nf3 Rf7 19.a3 Bf8 20.R5c3 Rg7 21.Nh4 Qf7 22.Rb3 Rg4
23.Nf3 h5 24.Rc2 Bd6 25.Nf1 Kh8 26.h3 Rg7 27.Nh4 Rag8 28.Kh1 Qf8 29.Rb6 Rd7
30.Qb5 Qf7 31.g3 Rg7 32.Qe2 Rh7 33.Qf3 Qg8 34.Rg2 Rdg7 35.Qd1 Qd8 36.Rb5 Qe8
37.Rb3 Qc8 38.Rc3 Qe8 39.Qc2 Qd8 40.Qb3 Qa8 41.Qb5 Qd8 42.Rgc2 Qb8 43.Rg2 Qd8
44.b4 axb4 45.axb4 Nxb4 46.Rb3 Nc6 47.Ra2 Rg8 48.Rb1 Qc7 49.Rba1 Nb4 50.Ra8 Qc6
51.Qxc6 Nxc6 52.Kg2 Rc7 53.Kf3 Rcc8 54.Rxc8 Rxc8 55.Nh2 Nb4 56.g4 Rc2 57.Kg3 fxg4
58.hxg4 hxg4 59.Nxg4 Kg7 60.Ra7 Rc7 61.Nf3 b5 62.Ra8 Nd3 63.Ra6 Rd7 64.Rb6 b4
65.Nd2 Kf7 66.Kf3 Ke7 67.Ke2 Nb2 68.Nf2 Na4 69.Rb5  0-1

[Event "FRA-ch (Women)"]
[Site "Chambery"]
[Date "1994.??.??"]
[Round "?"]
[White "Lebel Arias, Julia"]
[Black "Dubois, Martine"]
[Result "0-1"]
[WhiteElo "2080"]
[BlackElo "2050"]

1.d4 Nf6 2.Bg5 c5 3.Bxf6 gxf6 4.d5 Qb6 5.Nd2 Qxb2 6.e3 f5 7.Rb1 Qf6 8.Ngf3 Na6
9.Rb3 Nc7 10.e4 d6 11.e5 dxe5 12.Nc4 e4 13.Ng1 Qd4 14.Nd2 Bh6 15.c4 b6 16.Ne2 Bxd2+
17.Qxd2 Qxd2+ 18.Kxd2 e6 19.Nc3 Bb7 20.d6 O-O-O 21.a4 Rxd6+ 22.Ke3 e5 23.g3 Ne6
24.Nd5 Bxd5 25.cxd5 Rxd5 26.Ba6+ Kc7 27.a5 Nd4 28.axb6+ axb6 29.Rb2 Ra8 30.Ra1 Rdd8
31.Rba2 b5 32.g4 Rd6 33.Bxb5 Rxa2 34.Rxa2 Nxb5  0-1

[Event "Clichy"]
[Site "Clichy"]
[Date "1994.??.??"]
[Round "7"]
[White "Lukasiewicz, Grzegorz"]
[Black "Shirazi, Kamran G"]
[Result "0-1"]
[WhiteElo "2375"]
[BlackElo "2395"]

1.d4 Nf6 2.Bg5 c5 3.Bxf6 gxf6 4.d5 Qb6 5.Qc1 f5 6.e3 Bg7 7.c3 Qd6 8.c4 b5
9.Nc3 b4 10.Nce2 a5 11.g3 a4 12.Rb1 e6 13.Bg2 Bb7 14.Nf4 a3 15.b3 e5 16.Nfe2 O-O
17.Qc2 Qf6 18.Nf3 d6 19.O-O Bc8 20.Nh4 f4 21.exf4 exf4 22.Nxf4 Bh6 23.Nh3 Nd7
24.f4 Re8 25.Kh1 Qc3 26.Qd1 Nf6 27.Nf2 Bg7 28.Rc1 Qd4 29.Qc2 Qb2 30.Bf3 Ra7
31.g4 h5 32.h3 hxg4 33.hxg4 Qd4 34.Ng2 Rae7 35.Rfd1 Qb2 36.Rd2 Nh7 37.Qd1 Qf6
38.g5 Nxg5 39.fxg5 Qxg5 40.Bg4 Bxg4 41.Nxg4 Bc3 42.Rf2 Bd4 43.Rf5 Qg6 44.Qf3 Kg7
45.Nh2 Re1+ 46.Rxe1 Rxe1+ 47.Nf1 Qh7+ 48.Nh4 Qxh4+ 49.Kg2 Ra1  0-1

[Event "CZE-ch"]
[Site "?"]
[Date "1994.??.??"]
[Round "8"]
[White "Pisk, Petr"]
[Black "Spacek, Petr"]
[Result "1/2-1/2"]
[WhiteElo "2260"]
[BlackElo "2395"]

1.d4 Nf6 2.Bg5 g6 3.Nf3 Bg7 4.Nbd2 d6 5.e4 O-O 6.Be2 Nbd7 7.O-O h6 8.Bh4 e5
9.dxe5 dxe5 10.c3 Qe7 11.Qc2 Re8 12.Nc4 b6 13.a4 Bb7 14.Nfd2 a6 15.b4 Nf8
16.Rad1 Ne6 17.Rfe1 Nf4 18.Bf1 Red8  1/2-1/2

[Event "CZE-chT"]
[Site "?"]
[Date "1994.??.??"]
[Round "?"]
[White "Koutsin, Sergey"]
[Black "Babula, Vlastimil"]
[Result "1/2-1/2"]
[WhiteElo "2445"]
[BlackElo "2505"]

1.d4 Nf6 2.Bg5 g6 3.Bxf6 exf6 4.e3 f5 5.g3 d5 6.Bg2 c6 7.Ne2 Nd7 8.Nd2 Nf6
9.c4 dxc4 10.O-O Be6 11.Qc2 Bd5 12.Nxc4 Bxg2 13.Kxg2 Bg7 14.Qb3 O-O 15.Rac1 Qe7
16.Qa3 Qe4+ 17.f3 Qe6 18.Nf4 Qd7 19.Ne5 Qc7 20.h4 Bh6 21.Qb3 Bxf4 22.gxf4 Qe7
23.Rh1 Kg7 24.Kf2 Nh5 25.Qc3 Rfe8 26.Qc5  1/2-1/2

[Event "Debrecen-ch"]
[Site "Debrecen"]
[Date "1994.??.??"]
[Round "1"]
[White "Donka, Peter"]
[Black "Kanyadi, Zoltan"]
[Result "1-0"]
[WhiteElo "2220"]
[BlackElo "2150"]

1.d4 Nf6 2.Bg5 g6 3.Bxf6 exf6 4.e3 Bg7 5.c4 O-O 6.Nc3 d6 7.g3 c6 8.Bg2 Nd7
9.Nge2 f5 10.O-O Nf6 11.b4 Re8 12.Qc2 Qe7 13.b5 Bd7 14.Rab1 Rec8 15.Qd3 Be8
16.a4 Rc7 17.Nf4 Bh6 18.Rb2 Rd8 19.Rfb1 Bd7 20.bxc6 bxc6 21.Nfe2 Bg7 22.Rb8 Bc8
23.Na2 Nd7 24.R8b3 a5 25.Qd2 Nf6 26.Qxa5 Ne4 27.Rb8 Ra7 28.Qb6 Rxa4 29.Nb4 Rf8
30.Bxe4 fxe4 31.Qxc6 Bd7 32.Nd5 Qe6 33.Rxf8+ Bxf8 34.Qxd7  1-0

[Event "Debrecen-ch"]
[Site "Debrecen"]
[Date "1994.??.??"]
[Round "9"]
[White "Donka, Peter"]
[Black "Menyhart, Tibor"]
[Result "0-1"]
[WhiteElo "2220"]
[BlackElo "2215"]

1.d4 d5 2.Bg5 Nf6 3.Bxf6 gxf6 4.e3 c5 5.Nc3 cxd4 6.Qxd4 e6 7.O-O-O Nc6 8.Bb5 Bd7
9.Qf4 Be7 10.Qh6 f5 11.Nge2 Bg5 12.Qh5 Qf6 13.f4 Bh6 14.h3 O-O-O 15.g4 Qg6
16.Qh4 Bg7 17.Rhg1 Bf6 18.Qf2 Kb8 19.Kb1 Nb4 20.Bxd7 Rxd7 21.gxf5 Qxf5 22.e4 Qh5
23.e5 Bh4 24.Qe3 Be7 25.Nb5 Nc6 26.Ned4 Nxd4 27.Nxd4 Rc8 28.c3 Bc5 29.a3 Rdc7
30.Ka2 b6 31.Rd2 Kb7 32.Rg5 Bxd4 33.Rxd4 Qh6 34.Qg3 f6 35.exf6 Qxf6 36.Re5 Rc4
37.Qe3 Rxd4 38.cxd4 Rc6 39.Qd3 Qxf4 40.Qxh7+ Rc7 41.Qd3 Rc4 42.Rxe6 Qxd4
43.Re7+ Kc6 44.Qg6+ Kb5 45.Rxa7 Rc6 46.Qg2 Qc4+ 47.Kb1 Qd3+ 48.Ka2 Rc1 49.Rd7 Qc4+
50.b3 Rc2+ 51.Kb1 Qxb3+  0-1

[Event "DEN-chT9394"]
[Site "DEN"]
[Date "1994.??.??"]
[Round "5"]
[White "Sogaard, Soren"]
[Black "Danielsen, Henrik"]
[Result "0-1"]
[WhiteElo "2290"]
[BlackElo "2445"]

1.d4 Nf6 2.Bg5 d5 3.e3 c6 4.Bd3 Bg4 5.f3 Bh5 6.Ne2 Nbd7 7.O-O e5 8.Ng3 Bg6
9.f4 Bxd3 10.Qxd3 e4 11.Qe2 h5 12.c4 g6 13.cxd5 cxd5 14.Nc3 Qb6 15.f5 Be7
16.fxg6 fxg6 17.Nh1 O-O 18.Nf2 Kg7 19.Nh3 Bb4 20.Bxf6+ Nxf6 21.Nd1 Rac8 22.Nf4 Kh6
23.a3 Bd6 24.Nc3 Qc6 25.Rac1 Bb8 26.h4 a6 27.Na2 Qd7 28.Rxc8 Rxc8 29.Nc3 b5
30.g3 Rc6 31.Kg2 Bc7 32.Qf2 Ng4 33.Qe2 Rd6 34.Nd1 Ba5 35.Nf2 Nf6 36.N2h3 Rc6
37.Ng5 Qc8 38.Rf2 Ng4 39.Nxd5 Nxf2  0-1

[Event "Dresden U20"]
[Site "Dresden"]
[Date "1994.??.??"]
[Round "?"]
[White "Bartosik, Piotr"]
[Black "Sandor, Christian"]
[Result "1/2-1/2"]
[WhiteElo "2225"]
[BlackElo "2365"]

1.d4 Nf6 2.Bg5 c5 3.Bxf6 gxf6 4.c3 Qb6 5.Qd2 d5 6.e3 Nc6 7.Nf3 Bg4 8.Be2 O-O-O
9.dxc5 Qxc5 10.b4 Qd6 11.b5 Bxf3 12.Bxf3 Ne5 13.Be2 Kb8 14.a4 Rc8 15.O-O h5
16.f4 Nc4 17.Bxc4 Rxc4 18.Rd1 e6 19.Qf2 Qb6 20.Rd3 h4 21.h3 Qa5 22.Qc2 Bc5
23.Kh1 Re4 24.Nd2 Rxe3 25.f5 Re2 26.Qd1 Rf2 27.Rf3 Qc7 28.fxe6 fxe6 29.Rxf2 Bxf2
30.Qf3 Bg3 31.Qxf6 Qe5 32.Qxe5+ Bxe5 33.Rc1 Rc8 34.Nf3 Bxc3 35.Nxh4 d4 36.Rf1 e5
37.Nf3 Rc5 38.Ng5 Rc4 39.h4 Bb4 40.h5 Be7 41.Nf3 Bf6 42.g4 d3 43.g5 Rf4 44.gxf6 Rxf3
45.Re1 e4 46.Kg2 Rxf6 47.Rxe4 Rh6 48.Re5 d2 49.Rd5 Rxh5 50.Rxd2 Kc7 51.Kf3 Re5
52.Rh2 Re6 53.a5 Re7 54.Rh6 b6 55.Rc6+ Kb7 56.axb6 axb6 57.Rh6 Re5 58.Rh7+ Kc8
59.Kf4 Rxb5 60.Ke4 Rc5 61.Kd4 Kb8 62.Rg7 Rc1 63.Rh7  1/2-1/2

[Event "Dresden (Women)"]
[Site "Dresden"]
[Date "1994.??.??"]
[Round "?"]
[White "Fischdick, Gisela"]
[Black "Bojkovic, Natasa"]
[Result "1/2-1/2"]
[WhiteElo "2280"]
[BlackElo "2410"]

1.d4 Nf6 2.Bg5 c5 3.Bxf6 gxf6 4.d5 Qb6 5.Qc1 f5 6.e3 Bg7 7.c3 e6 8.Nh3 d6
9.Be2 Nd7 10.Na3 Nf6 11.Nf4 Nxd5 12.Nxd5 exd5 13.O-O Be6 14.Rd1 O-O 15.Nc2 f4
16.exf4 f5 17.Bd3 d4 18.c4 d5 19.b3 dxc4 20.bxc4 Rae8 21.Ne1 Qd6 22.Nf3 Bd7
23.g3 Bc6 24.Nh4 Qh6 25.Qc2 Bf6 26.Ng2 Qh5 27.f3 Bxf3 28.Rf1 Bc6 29.Rae1 Bd8
30.Qd2 Be4 31.Be2 Qf7 32.Rc1 Re6 33.Ne1 Rfe8 34.Nf3 Bf6 35.Bd3 Qc7 36.Rf2 Kh8
37.a4 Kg8 38.a5 Kh8 39.Rb1 Kg8 40.Kf1 Kh8 41.Ng5 Bxg5 42.fxg5 Qd7 43.Kg1 Bxd3
44.Qxd3 Re1+ 45.Rxe1 Rxe1+ 46.Kg2 Qc6+ 47.Kh3 Qe4 48.Qa3 Rg1 49.Qf3 Qxf3
50.Rxf3 Rc1 51.Rxf5 Rxc4 52.Rd5 Kg7 53.Kg2 Kg6 54.h4 b5 55.axb6 axb6 56.Kf3 b5
57.g4 b4 58.h5+ Kg7 59.Rd7+ Kg8 60.Rd8+ Kg7 61.Rd7+ Kg8 62.Rd8+ Kg7  1/2-1/2

[Event "RUS-ch (Women)"]
[Site "Elista"]
[Date "1994.??.??"]
[Round "?"]
[White "Chekhova Kostina, Tatiana M"]
[Black "Salakhova, Gulnar"]
[Result "1/2-1/2"]
[WhiteElo "2260"]
[BlackElo "2125"]

1.d4 d5 2.Bg5 Nf6 3.Bxf6 exf6 4.e3 Bd6 5.c4 dxc4 6.Bxc4 O-O 7.Nc3 f5 8.Nf3 Nd7
9.O-O c6 10.Qc2 Nf6 11.Rad1 a6 12.Ne5 Qe7 13.f4 Be6 14.Qb3  1/2-1/2